El centenario de los Sitios y la Exposición Hispano-Francesa : (Record no. 173919)

MARC details
000 -LEADER
campo de control de longitud fija 01186nam a2200265 i 4500
001 - NÚMERO DE CONTROL
campo de control 173919
003 - IDENTIFICADOR DE NÚMERO DE CONTROL
campo de control ES-MaACL
005 - FECHA Y HORA DE LA ÚLTIMA TRANSACCIÓN
campo de control 20230906215407.0
008 - DATOS DE LONGITUD FIJA--INFORMACIÓN GENERAL
campo de control de longitud fija 100128s20081908sp a g |||| |dspa d
020 ## - NÚMERO INTERNACIONAL ESTÁNDAR DEL LIBRO
Número Internacional Estándar del Libro 978-84-7820-934-7
080 ## - NÚMERO DE LA CLASIFICACIÓN DECIMAL UNIVERSAL
Número de la Clasificación Decimal Universal 94(460.224 Z.)"1808/09"
080 ## - NÚMERO DE LA CLASIFICACIÓN DECIMAL UNIVERSAL
Número de la Clasificación Decimal Universal 061.41 Hispano-Francesa "1908"(060.64)
100 1# - ENTRADA PRINCIPAL--NOMBRE DE PERSONA
Nombre de persona Forcadell Álvarez, Carlos.
9 (RLIN) 142067
245 13 - MENCIÓN DEL TÍTULO
Título El centenario de los Sitios y la Exposición Hispano-Francesa :
Resto del título políticas de la memoria en la Zaragoza de 1908 /
Mención de responsabilidad, etc. Carlos Forcadell Álvarez.
260 ## - PUBLICACIÓN, DISTRIBUCIÓN, ETC.
Lugar de publicación, distribución, etc. Zaragoza :
Nombre del editor, distribuidor, etc. Institución "Fernando el Católico",
Fecha de publicación, distribución, etc. 2008.
300 ## - DESCRIPCIÓN FÍSICA
Extensión 21 p. :
Otras características físicas il. ;
Dimensiones 28 cm.
490 1# - MENCIÓN DE SERIE
Mención de serie Publicación de la Institución "Fernando el Católico" ;
Designación de volumen o secuencia 2772
611 2# - PUNTO DE ACCESO ADICIONAL DE MATERIA--NOMBRE DE REUNIÓN/CONGRESO
Nombre de congreso/reunión o jurisdicción como elemento de entrada Exposición Hispano-Francesa.
Fecha del congreso o de la firma del tratado 1908.
Sede del congreso/Lugar de la reunión Zaragoza)
9 (RLIN) 142070
651 #4 - PUNTO DE ACCESO ADICIONAL DE MATERIA--NOMBRE GEOGRÁFICO
Nombre geográfico Zaragoza-
Subdivisión general Historia-
Subdivisión cronológica 1808-1809, Sitio.
9 (RLIN) 142068
651 #4 - PUNTO DE ACCESO ADICIONAL DE MATERIA--NOMBRE GEOGRÁFICO
Nombre geográfico España-
Subdivisión general Historia-
Subdivisión cronológica 1808-1814, Guerra de la Independencia-
Subdivisión de forma Aniversarios y centenarios.
9 (RLIN) 142069
710 2# - ENTRADA AGREGADA--NOMBRE DE ENTIDAD CORPORATIVA
Nombre de entidad corporativa o nombre de jurisdicción como elemento de entrada Institución "Fernando el Católico"
9 (RLIN) 4721
830 10 - PUNTO DE ACCESO ADICIONAL DE SERIE-TÍTULO UNIFORME
Título uniforme Publicación ... de la Institución Fernando el Católico
Designación de volumen o secuencia 2772
9 (RLIN) 233871
852 4# - LOCALIZACIÓN
Ubicación BA
Número de control de estantería 2279-F-8
Holdings
Estatus retirado Estado de pérdida Estado de daño No para préstamo Colección Biblioteca de origen Biblioteca actual Ubicación en estantería Fecha de adquisición Fuente de adquisición Total de préstamos Signatura topográfica completa Código de barras Visto por última vez Precio de reemplazo Tipo de ítem Koha
        Colección de folletos Biblioteca del Ateneo de Madrid Biblioteca del Ateneo de Madrid Depósito folletos 28/01/2010     2279-F-8 1182557 23/02/2023 23/02/2023 Folleto